Quelle est cette ville Française ? - Statistiques

Statistiques générales
  • Ce quiz a été pris 161 fois
  • Le résultat moyen est 40 sur 78
Statistiques - réponses
Descriptif Vile % Correct
Surnom : La cité johannique À Voir : Maison de Jeanne d'Arc À vu naître : Laure Calamy Indice : Yann Moix en a fait le titre d'un de ses livres Orléans
79%
Surnom : La Ville Rouge À voir : Le circuit des 24 heures À vu naître : Jo-Wilfried Tsonga Indice : Rillettes Le Mans
78%
Surnom : La ville aux cent clochersÀ Voir : Église de Notre Dame la Grande À vu naître : Joël Robuchon Indice : Futuroscope Poitiers
78%
Surnom : La cité du Luxe
À Voir: La Croisette À vu naître : Loana Indice : Tapis rouge
Cannes
76%
Département : Haute-Corse À Voir: Palais des Gouverneurs À vu naître : Pascal Olmeta Indice : Tient son nom d'un donjon crée par les Genois Bastia
74%
Surnom : Balcon du Sud-Ouest À voir : Cathédrale À vu naître : Ravaillac Indice : Bande-dessinée Angoulême
73%
Département : Lot-et-Garonne À Voir : Cathédrale Saint-Caprais À vu naître : Françis Cabrel Indice : Pruneau Agen
72%
Surnom : Capitale des vins d'Alsace À voir : La petite Venise
À vu naître : Guy Roux Indice : le Bæckeofe
Colmar
72%
Surnom : La vieille militaire À voir : Mont Faron À vu naître : Gilbert Bécaud Indice : Artichaud à la Barigoule Toulon
72%
Surnom : La Séville Française À voir : Cathédrale Saint-Nazaire À vu naître : Laeticia Hallyday Indice : Robert Ménard Béziers
71%
Surnom : La cité de Jean Bart À voir : Le Carnaval À vu naître : Jean-Paul Rouve Indice : Film de Nolan Dunkerque
70%
Surnom : La ville des mineursÀ Voir : L'annexe du Louvres À vu naître : Stéphane Rotenberg Indice : Sang & Or Lens
69%
Surnom : La ville Blanche À Voir: La Tour de la lanterne À vu naître : Jean-Loup Chrétien Indice : Aquarium La Rochelle
68%
Surnom : La reine des villes d'eau À voir : Les sources À vu naître : Dominique Farrugia Indice : Pétain Vichy
68%
Surnom : La cité À voir : Le musée de la torture À vu naître : Olivia Ruiz Indice : Cité médiévale Carcassonne
67%
Département : La Manche À voir : Le Théâtre d'or À vu naître : Jean Marais Indice : Les parapluies de ... Cherbourg
66%
Surnom : La porte du midi À voir : Le centre du patrimoine Arménien À vu naître : Sébastien Chabal Indice : Porte le même nom qu'une ville Espagnol Valence
66%
Département : Porte Océane À Voir : Musée d'arts modernes André Malraux À vu naître : Laurent Ruquier Indice : Ville redessinée par Auguste Perrier Le Havre
65%
Surnom : La ville Royale À voir : Château À vu naître : Laurence Boccolini Indice : Louis XIV Versailles
65%
Surnom : La ville aux 4 saisons À voir : La Dûne du Pilat À vu naître : Nicolas Dordevic Indice : Camping des flots bleus Arcachon
62%
Département : Ariège À voir : Les Forges de Pyrene À vu naître : Eric Carrière Indice: " J'ai peur : j'ai les .... " Foix
61%
Surnom : La ville aux cinq ports À voir : Base de sous-marins À vu naître : Christian Gourcuff Indice: Festival interceltique Lorient
61%
Surnom : La cité Corsaire À Voir: Les remparts À vu naître : Jacques Cartier Indice : Le corsaire Surcouf y est né Saint-Malo
60%
Surnom : La Florence Provençale À Voir : Le cours Mirabeau À vu naître : Paul Cézanne Indice : Les Calissons Aix-en-Provence
59%
Surnom : La petite Venise du Nord À voir : La maison Jules Verne À vu naître : Disiz la Peste Indice : Patrie de notre président Amiens
58%
Surnom : La ville aux trois clochersÀ Voir : Le cimetière britannique des soldats de la 1ère guerre mondiale À vu naître : Louis Blériot Indice : Les bêtises Cambrai
58%
Surnom : Petite Rome des Gaules À Voir: Les Arènes À vu naître : Djibril Cissé Indice : Férias en Avril Arles
57%
Département : Alpes-MaritimesÀ voir : Musée Fragonard À vu naître : Charles Pasquat Indice : Parfum Grasse
57%
Surnom : La cité Lamartine À Voir : Musée des Ursulines À vu naître : Antoine Griezmann Indice : Possède le plus ancien pont enjambant la Saône Mâcon
57%
Surnom : Ville aux Mille Palmiers. À Voir: La forteresse de Gaston Fébus À vu naître : Bertrand Cantat Indice : Henri IV est né dans le château de cette ville Pau
57%
Département : Mayennne À voir : Musée d'art naïf À vu naître : Douannier Rousseau Indice : Palindrome Laval
56%
Surnom : Carrefour des 4 vallées À voir : Cite Medievale de Conflans À vu naître : Jean-Luc Crétier Indice : JO 1992 Albertville
55%
Surnom : La cité des princesÀ voir : Théâtre antique À vu naître : Michel Petrucciani Indice : Couleur Orange
55%
Surnom : La ville des nuits lumières À Voir: La Cathédrale À vu naître : Jacques Coeur Indice : Synonyme de " Riche " Bourges
54%
Surnom : La belle inutile À voir : Les boves À vu naître : Robespierre Indice : Beffroi détruit pendant la guerre Arras
53%
Surnom : La capitale du temps À Voir : La citadelle À vu naître : Victor Hugo Indice : Un horloger suisse à créer la première horlogerie Française dans cette villec Besançon
53%
Surnom : La capitale de CornouailleÀ voir : Cahtédrale saint Corentin À vu naître : Jean Le Cam Indice : Festival
Quimper
53%
Surnom : La Ville Verte À Voir: Terra Botanica À vu naître : Valérie Trierweiler Indice : A été surnommée " L'Athène de L'Ouest " Angers
52%
Département : Cantal À voir : Musée des Volcans À vu naître : Paul Doumer Indice : S'est longtemps disputé le chef-lieu avec Saint-Flour Aurillac
52%
Surnom : La cité mariale À Voir: Des grottes À vu naître : Philippe Douste-Blazy Indice : Miracles Lourdes
52%
Surnom : La Capitale de la Paix À voir : Citadelle souterraine À vu naître : Isabelle Nanty Indice : Célèbre bataille Verdun
52%
Surnom : La vieille ville À voir : Le musée Picasso À vu naître : Guillaume Musso Indice : Marineland Antibes
51%
Département : Loir et Cher À voir : La fondation Ben À vu naître : Charles d'Orléans Indice : Le Château de la Magie Blois
51%
Département : Indre À Voir : Le Chatêau Raoul À vu naître : Gérard Depardieu Indice : Ville où se tient le festival DARC Châteauroux
51%
Surnom : Le 21e arrondissement de Paris À Voir: Villa Strassburger À vu naître : Xavier Marchand Indice : Festival du cinéma Américain Deauville
51%
Département : Charente-maritimeÀ voir : Abbaye aux dames À vu naître : Dominique Rocheteau Indice : Se dit d'une femme béatifiée Saintes
51%
Surnom : La ville des Demoiselles À Voir: La corderie Royale À vu naître : Pierre Loti Indice : Titre d'un célèbre film de Jacques Demy Rochefort
49%
Département : Dordogne À Voir : Tour de Vésone À vu naître : Kendji Girac Indice : La Noix Périgueux
48%
Surnom : La Petite Californie bretonneÀ Voir : Escal'Atlantic À vu naître : Sandra Gomis Indice : On y trouve une base sous-marine Saint-Nazaire
48%
Département : Oise À voir : Le MUDO À vu naître : Hubert de Givenchy Indice : Cathédrale Beauvais
46%
Surnom : La Rouge À voir : Musée Toulouse-Lautrec À vu naître : Jean-François de La Pérouse Indice : Cathédrale fortifiée Albi
45%
Surnom: Fille aînée de Rome hors d'Italie À voir : Abbaye de Frontfroide À vu naître : Charles Trenet Indice : La petite florence du Languedoc Narbonne
44%
Surnom : Le Manchester françaisÀ Voir: La Manufacture À vu naître : Chantal Ladsou Indice : Film : ...... , Ville Lumière Roubaix
44%
Surnom : La cité des Ducs À Voir: La fontaine des éléphants À vu naître :Yann Barthès Indice : Montagne Chambéry
43%
Département : La Creuse À voir : Le labyrinthe géant À vu naître : Agathe Auproux Indice : Vache limousine Guéret
43%
Département : Seine et Marne À voir : Musée de la Gendarmerie À vu naître : Dadju Indice : Le Brie de .... Melun
42%
Surnom : La ville des mouchoirs À voir : Musée du textile et de la mode À vu naître : Antoine Rigaudeau Indice : Ville conquise pendant la Guerre de Vendée Cholet
39%
Surnom : La ville au 10 clochersÀ voir : Cahtédrale saint pierre et saint paul À vu naître : Jean-Marie Bigard Indice : Andouillette Troyes
39%
Surnom : Le Piton À Voir : Musée Archéologique À vu naître : Cyril Lignac Indice : On peut y voir les œuvres de Soulage Rodez
37%
Surnom : La capitale des Cèvènnes À Voir : Fort Vauban À vu naître : Julien Doré Indice : Sa vieille ville fût rasée pour être reconstruite Alès
36%
Surnom : La cité des Géants
À Voir: Musée de la Chartreuse
À vu naître : Corinne Masiero
Indice : Synonyme de " Talentueux "
Douai
36%
Département : Le Var À voir : Site de Malpasset À vu naître : Manon Aubry Indice : Aqualand Fréjus
36%
Surnom : La cité des Princes À voir : Le château des ducs de Wurtemberg À vu naître : Dominique Voynet Indice : Saucisse Montbéliard
36%
Surnom : L'Athène du Nord À Voir: Basilique Notre-Dame-du-Saint-Cordon À vu naître : Jean Lefebvre Indice : Ville Minière Valenciennes
36%
Surnom : Capitale du pittoresqueÀ voir : Escalier du roi d'Aragon À vu naître : Marie-José Nat Indice : Ile de beauté Bonifacio
34%
Gentilé : Val de Marne À voir : Parc Dupeyroux À vu naître : Sheila Indice : Cathédrale Notre Dame Créteil
34%
Surnom : Capitale de la Coutellerie À Voir: Le creux de l'enfer À vu naître : Claire Chazal Indice : À le même nom qu'un président de la république Thiers
34%
Surnom : La capitale du Quercy À voir : Pont Valentré À vu naître : Léon Gambetta Indice : La cathédrale Saint Etienne Cahors
33%
Département : Loire À Voir: La tour saint Maurice À vu naître : Joseph Déchelette Indice : On peut y voir l'Eglise saint Etienne Roanne
32%
Département : La ville au clair de luneÀ Voir : Fortification de Vauban À vu naître : Benjamin Pavard Indice : Cette ville est dans le titre d'un film avec Bourvil et Annie Cordy Maubeuge
31%
Département : Cher À voir : Musée agricole À vu naître : Edouard Vaillant Indice : Entre la Sologne et le Berry Vierzon
31%
Surnom : Ville du Thermalisme À voir : Les arènes À vu naître : Raphaël Ibañez Indice : Les madeleines Dax
30%
Surnom : La porte de la Venise verte À voir : Le Donjon À vu naître : Madame de Maintenon Indice : Houllebcq l'a qualifiée de ville moche Niort
30%
Département : Indre et Loire À voir : La forteresse royale À vu naître : François Rabelais Indice : Jeanne d'Arc Chinon
28%
Surnom : capitale historique du Vexin françaisÀ voir : Abbaye de Maubuisson À vu naître : Seth Gueko Indice : Musée Pissarro Pontoise
19%
Surnom : La capitale du cerf-volant À voir : Mémorial du 19/08/1942 À vu naître : Valérie Lemercier Indice : Le Château de Miromesnil Dieppe
14%
Surnom : La cité de la Toile À voir : Musée des anciens combattants À vu naître : Dany Boon Indice : Beffroi Armentières
11%
Surnom : Le berceau de l'aviation À Voir : Musée de la Carte à jouer À vu naître : Leila Bekhti Indice : est connue comme une ville à la pointe du numérique Issy-les-Moulineaux
10%
Aucun quiz correspondant
Distribution des résultats
% des personnes avec chaque résultat
Percentile par nombre de réponses
Votre historique - résultats
Vous n’avez pas pris ce quiz